La caja vacía

Збережено в:
Бібліографічні деталі
Автор: Carballido, Emilio
Формат: Книга
Мова:Undetermined
Опубліковано: México, Distrito Federal Fondo de Cultura Económica 1991
Предмети:
Теги: Додати тег
Немає тегів, Будьте першим, хто поставить тег для цього запису!

MARC

LEADER 00000nam a2200000Ia 4500
008 170316s9999 xx 000 0 und d
040 |a cru BVZT 
090 |a 860 C-12c 
100 |a Carballido, Emilio 
245 |a La caja vacía 
260 |a México, Distrito Federal 
260 |b Fondo de Cultura Económica 
260 |c 1991 
300 |a 148 páginas 
650 |a LITERATURA LATINOAMERICANA 
999 |c 8477  |d 8477 
942 |c 15 D  |h 860 C-12c  |2 z